| 000 | 00761nam a2200265Ia 4500 | ||
|---|---|---|---|
| 001 | 11041 | ||
| 003 | GE_BSU | ||
| 008 | 181216s||||||||xx |||||||||||||| ||und|| | ||
| 020 | _a9785459011678 | ||
| 040 | _cGE_BSU | ||
| 080 | _a159.9:796 | ||
| 100 | _aИльин,Е.П. | ||
| 245 | _aПсихология спорта. | ||
| 245 | _cВед.ред.О.Кувакина,худ.К.Радзевич. | ||
| 260 | _aМосква | ||
| 260 | _bПитер. | ||
| 260 | _c2012. | ||
| 300 | _a352стр,илл,24см. | ||
| 300 | _eБиблиогр:с.333-334. Приложения:с.336-351. | ||
| 541 | _h32л. | ||
| 653 | _aПсихология | ||
| 653 | _aПсихология спорта. | ||
| 653 | _aფსიქოლოგია | ||
| 942 | _cBK | ||
| 999 |
_c44283 _d44283 |
||